Statistics for Nikola Jokic Quiz

Click here to take the quiz!

General Stats

  • This quiz has been taken 151 times
  • The average score is 10 of 16

Answer Stats

HintAnswer% Correct
What position does he play?Center
97%
What franchise has he played for his whole NBA career?Denver Nuggets
91%
What country is he from?Serbia
91%
What is his nickname?The Joker
91%
Other than Jokic, who was one of the seven international players to win MVP?Hakeem Olajuwon, Tim Duncan, Steve Nash, Dirk Nowitzki, Giannis Antetokounmpo, Joel Embiid
88%
What jersey number does Jokic wear?15
86%
If Jokic is Batman, who is his Robin?Jamal Murray
83%
At what pick was he drafted?41st
76%
What all-star player once wore the same number for the franchise?Carmelo Anthony
67%
Who is the coach of that team?Michael Malone
61%
What activity does Jokic enjoy competing in amateurly?Horse racing
50%
Who is the only player other than Jokic to have won the Western Conference Finals MVP?Stephen Curry
50%
What city is his hometown?Sombor
46%
Jokic set the record in 2023 for the most triple-doubles in a single postseason run. Who formerly had the record?Wilt Chamberlain
25%
Who is the only player other than Jokic to have a triple-double in their finals debut?Jason Kidd
13%
Who is the only player other than Jokic to win the MVP after being drafted in the 2nd round?Willis Reed
7%

Score Distribution

Percentile by Number Answered

Percent of People with Each Score

Your Score History

You have not taken this quiz